Представление документа в формате RUSMARC

ПолеНазваниеЗначение
  Тип записи a
  Библиографический уровень m
001 Контрольный номер SKBR/a41b8ba6-95b0-4d57-8cc5-d5007f027ef4
005 Дата корректировки 20231215122406.3
010 Индекс ISBN __
a ISBN 978-5-394-04771-8
9 Тираж 500 экз.
b Уточнения в пер.
d Цена 650-00
021 № государственной регистрации __
a Код страны RU
b № документа 2022-62757
035 Другие системные номера __
a Идентификатор записи (RuMoRGB)011210867
035 Другие системные номера __
a Идентификатор записи RU\NLR\BIBL_A\012926280
100 Данные общей обработки __
a Данные общей обработки 20221031d2023 me y0rusy028902 ca
101 Язык документа 0_
a Язык текста rus
102 Страна публикации __
a Страна публикации RU
105 Кодированные данные (монография) __
a Кодированные данные (монография) a j 000zy
181 Поле кодированных данных: вид содержания _0
a Код вида содержания (ISBD) i
182 Поле кодированных данных: тип средства _0
a Код типа средства (ISBD) n
200 Заглавие и сведения об ответственности 1_
a Заглавие Медиаполитика и общественное мнение в медиапространстве
e Сведения, относящиеся к заглавию учебное пособие
e Сведения, относящиеся к заглавию для студентов высших учебных заведений, изучающих гуманитарные и общественные дисциплины [по направлениям подготовки "Журналистика", "Реклама и связи с общественностью"]
f Первые сведения об ответственности Ф. И. Шарков, В. Н. Бузин, Иржи Шубрт
g Последующие сведения об ответственности под редакцией Ф. И. Шаркова
g Последующие сведения об ответственности Московский государственный институт международных отношений (университет) МИД России
203 Вид содержания и тип средства __
a Вид содержания Текст
c Тип средства непосредственный
210 Выходные данные 1_
a Место издания Москва
c Издательство Дашков и К°
d Дата издания 2023
215 Физическое описание __
a Объем 210 с.
c Иллюстрации/тип воспроизводства ил., табл.
d Формат 22 см
300 Общие примечания __
a Общие примечания На обороте тит. с. авт.: Ф. И. Шарков - д-р социол. наук, проф., заслуж. деят. науки РФ, В. Н. Бузин - д-р социол. наук, Иржи Шубрт - д-р философии, Карлов ун-т, Прага, Чехия
320 Библиография __
a Библиография Библиография: с. 200-210 и в подстрочных примечаниях
330 Аннотация __
a Аннотация Учебное пособие посвящено формированию современного медиапространства. Раскрываются вопросы виртуального медиавоздействия на аудиторию, формирования и реализации медиаполитики в сложносетевой структуре. Рассматриваются особенности формирования общественного мнения в медийном пространстве. Для студентов высших учебных заведений, обучающихся по направлениям подготовки "Журналистика", "Реклама и связи с общественностью", а также для всех, кто интересуется вопросами развития современного медиапространства.
606 Тематические рубрики 1_
a Основная рубрика Социология
2 Код системы nlr_sh
606 Тематические рубрики __
2 Код системы nlr_sh
a Основная рубрика Социология общества
610 Ключевые слова 0_
a Ключевые слова СМИ
610 Ключевые слова 0_
a Ключевые слова средства массовой информации
610 Ключевые слова 0_
a Ключевые слова влияние на общественное мнение
610 Ключевые слова 0_
a Ключевые слова общественное мнение
610 Ключевые слова 0_
a Ключевые слова медиаполитика
610 Ключевые слова 0_
a Ключевые слова медиапространство
610 Ключевые слова 0_
a Ключевые слова коммуникология
610 Ключевые слова 0_
a Ключевые слова формирование общественного мнения
610 Ключевые слова 0_
a Ключевые слова социальные коммуникации
686 Индексы других классификаций __
a Классификационный индекс 60.524.224.5я73
2 Код системы rubbks
686 Индексы других классификаций __
a Классификационный индекс 60.527я73
2 Код системы rubbks
700 Автор _1
a Фамилия Шарков
b Имя Ф. И.
f Даты 1951-
g Полное личное имя Феликс Изосимович
4 Код отношения 070
4 Код отношения 340
701 Альтернативная интеллектуальная ответственность _1
a Фамилия Бузин
b Имя В. Н.
g Полное личное имя Валерий Николаевич
4 Код отношения 070
f Даты 1954-
701 Альтернативная интеллектуальная ответственность _1
a Фамилия Шубрт
b Имя И.
f Даты 1958-
g Полное личное имя Иржи
4 Код отношения 070
712 Наименование организации (Вторичная ответственность) 02
a Организация/ юрисдикция Московский государственный институт международных отношений
712 Наименование организации (Вторичная ответственность) 01
a Организация/ юрисдикция Российская Федерация
b Другие уровни Министерство иностранных дел
801 Источник записи _0
a Страна RU
b Организация NLR
c Дата составления 20221031
g Правила каталогизации RCR
801 Источник записи _1
a Страна RU
b Организация NLR
c Дата составления 20221031
g Правила каталогизации PSBO
801 Источник записи _2
a Страна RU
b Организация NLR
c Дата составления 20221201
2 Код формата rusmarc
g Правила каталогизации PSBO
852 Данные о местонахождении __
i Авторский знак Ш 26
j Шифр хранения 60.524.224.5я73
900 Макрообъекты __
a Макрообъекты Медиаполитика и общественное мнение в медиапространстве. Ф. И. Шарков, 2023
901 Тип документа __
a Ответственный КиК/Котельникова
t Тип документа m
903 Характеристики (МАРС) __
a Дата передачи 20230705
c Наименование библиотеки (МАРС) Муниципальное бюджетное учреждение культуры "Централизованная библиотечная система" г. Сургут (Центральная городская библиотека им. А. С. Пушкина)
969 Тип издания __
a Тип издания учебное пособие
990 Данные о заказе (DOS) __
j Количество экземпляров (DOS) 2
t N записи в КСУ для И/У (DOS) 202307